| 000 | 00687nam a22002055i 4500 | ||
|---|---|---|---|
| 001 | 152552 | ||
| 003 | ES-MaACL | ||
| 005 | 20230906204806.0 | ||
| 008 | 051018m18831900fr | |||||||| ||fre d | ||
| 040 |
_aCAM _bspa _cCAM |
||
| 100 | 1 |
_aBourget, Paul ( _d1852-1935) _930991 |
|
| 245 | 1 | 2 |
_aL'irréparable _b: ; Deuxième amour; Profils perdus / _cPaul Bourget. |
| 260 |
_aParis : _bAlphonse Lemerre éditeur, _c[s.a.] ( _eLagny : _fEmile Colin) |
||
| 300 |
_a299 p. ; _c18 cm. |
||
| 596 | _aProbablemente impreso entre 1883 y 1900. | ||
| 740 | 0 | _aDeuxième amour. | |
| 740 | 0 | _aProfils perdus. | |
| 752 |
_aFrancia - _dParís |
||
| 852 |
_aES-MaACL _jB-2776 _z-- Enc. pasta española |
||
| 999 |
_c152552 _d152552 |
||